| 000 | 00942nam a2200241Ia 4500 | ||
|---|---|---|---|
| 001 | 530 | ||
| 003 | GE_BSU | ||
| 008 | 181216s||||||||xx |||||||||||||| ||und|| | ||
| 020 | _a9994006053 | ||
| 040 | _cGE_BSU | ||
| 080 | _a615(075.8) | ||
| 100 | _aერისთავი, ლიანა | ||
| 245 | _aფარმაკოგნოზია (სამკურნალო მცენარეები) | ||
| 245 | _bსახელმძღვანელო სამედიცინო უნ-ტის ფარმაცევტული ფაკ-ტის სტუდენტებისათვის | ||
| 260 | _aთბილისი | ||
| 260 | _bსაქართველოს მაცნე | ||
| 260 | _c2005 | ||
| 300 | _a605 გვ. | ||
| 541 | _h25 ლ. | ||
| 653 | _aსამკურნალო მცენარეები | ||
| 653 | _aფარმაკოგნოზია | ||
| 942 | _cBK | ||
| 999 |
_c34741 _d34741 |
||